ロード中...

Fiscal policy for employment generation in India : a study prepared for the International Labour Office within the framework of the World Employment Programme /

書誌詳細
第一著者: Gupta, Anand P.
フォーマット: Printed Book
言語:English
出版事項: TMH, 1977.
LEADER 00586 a2200121 4500
008 100208b ||||| |||| 00| 0 eng d
082 |a 339.520954 
100 |a Gupta, Anand P. 
245 |a Fiscal policy for employment generation in India :  |b a study prepared for the International Labour Office within the framework of the World Employment Programme / 
260 |b TMH,  |c 1977. 
942 |c BK 
999 |c 312030  |d 312030 
952 |0 0  |1 0  |2 ddc  |4 0  |6 339_520954000000000_GUP_F  |7 0  |9 358126  |a ECN  |b ECN  |c ST1  |d 2010-09-07  |e Minerva Bookstall, Trichur  |g 0.00  |i 2541  |l 0  |o 339.520954 GUP/F  |p ECN2541  |r 2010-09-07  |w 2010-09-07  |y BK